Yearbook of morphology 1995
Saved in:
| Other Authors: | , |
|---|---|
| Format: | Book |
| Language: | English |
| Published: |
Dordrecht :
Kluwer Academic,
1996
|
| Subjects: | |
| Tags: |
Add Tag
No Tags, Be the first to tag this record!
|
MARC
| LEADER | 00000nam a2200000 i 4500 | ||
|---|---|---|---|
| 001 | 1/38735 | ||
| 008 | 030728s1996 eng d | ||
| 020 | |a 0792339843 | ||
| 035 | |l 10070496 | ||
| 040 | |a GR-MY-UA |b gre |e aacr | ||
| 041 | 0 | |a eng | |
| 082 | 0 | |a 415 | |
| 245 | 1 | 0 | |a Yearbook of morphology 1995 / |c Edited by Geert Booij, Jaap van Marle |
| 260 | |a Dordrecht : |b Kluwer Academic, |c 1996 | ||
| 300 | |a 189 p. | ||
| 504 | |a includes indexes | ||
| 650 | 0 | 0 | |a Grammar, Comparative and general |x Morphology |x Yearbooks. |
| 700 | 1 | |a Booij, G. E. |4 edt | |
| 700 | 1 | |a Marle, Jaap van. |4 edt | |
| 852 | |a INST |b RHODES |e 20030728 |h 415 YEA |p 005400020167 |q 005400020167 |t BK |y 0 | ||
| 901 | |a BIBL4-2003-2 | ||
| 909 | |a Ρ |b 105403 | ||
| 922 | |a 4ΕΛΗ |b 200305 |c ΕΠΕΑΕΚ2/ΤΜΣ |d ΠΑΠΑΣΩΤΗΡΙΟΥ | ||
| 950 | |a 124-2002-03-12 | ||
| 970 | |a ΚΟΥΛΑΚΙΟΤΗ |b ΛΙΤΣΑ |z 2003/08/01 | ||